000
00262nam a2200097Ia 4500
001
805682
005
20250826171157.0
008
250824s9999 xx 000 0 und d
245
0
_a
SAATLERİ AYARLAMA ENSTİTÜSÜ
_c
AHMET HAMDİ TANPINAR
260
_b
DERGAH YAYINLARI
999
_c
805682
_d
805682